A walk through war memories in Southeast Asia / (Record no. 68204)
[ view plain ]
| 000 -LEADER | |
|---|---|
| fixed length control field | 01248cam a2200265 a 4500 |
| 003 - CONTROL NUMBER IDENTIFIER | |
| control field | PILC |
| 005 - DATE AND TIME OF LATEST TRANSACTION | |
| control field | 20160306212213.0 |
| 008 - FIXED-LENGTH DATA ELEMENTS--GENERAL INFORMATION | |
| fixed length control field | 2007 |
| 010 ## - LIBRARY OF CONGRESS CONTROL NUMBER | |
| LC control number | Acc#44813 |
| 020 ## - INTERNATIONAL STANDARD BOOK NUMBER | |
| International Standard Book Number | 9711012113 |
| 040 ## - CATALOGING SOURCE | |
| Transcribing agency | Philippine Baptist Theological Seminary |
| 050 00 - LIBRARY OF CONGRESS CALL NUMBER | |
| Classification number | Fil D 680 .A785 |
| Item number | H321 2007 |
| 100 1# - MAIN ENTRY--PERSONAL NAME | |
| Personal name | Hayase, Shinzo, |
| Dates associated with a name | 1955- |
| 245 10 - TITLE STATEMENT | |
| Title | A walk through war memories in Southeast Asia / |
| Statement of responsibility, etc. | Shinzo Hayase |
| 260 ## - PUBLICATION, DISTRIBUTION, ETC (IMPRINT) | |
| Place of publication, distribution, etc. | Quezon City : |
| Name of publisher, distributor, etc. | New Day Publishers, |
| Date of publication, distribution, etc. | 2007. |
| 300 ## - PHYSICAL DESCRIPTION | |
| Extent | x, 200 p. ; |
| Dimensions | 20 cm. |
| 504 ## - BIBLIOGRAPHY, ETC. NOTE | |
| Bibliography, etc | Includes bibliographical references. |
| 505 ## - FORMATTED CONTENTS NOTE | |
| Formatted contents note | Singapore: how to form a multiracial state -- Malaysia: forgetfulness and memories be passed on to the next generation -- Indonesia: the massacre of West Kalimantan (Borneo) in frontier history -- Thailand: the war ruins as tourism resources -- Myanmar (Burma): the Japanese occupation that is hardly discussed -- The Philippines: between America and Japan -- 'Post-Postwar' historical awareness. |
| 650 #0 - SUBJECT ADDED ENTRY--TOPICAL TERM | |
| Topical term or geographic name as entry element | World War, 1939-1945 |
| General subdivision | Monuments |
| Geographic subdivision | Southeast Asia. |
| 650 #0 - SUBJECT ADDED ENTRY--TOPICAL TERM | |
| Topical term or geographic name as entry element | World War, 1939-1945 |
| Geographic subdivision | Southeast Asia. |
| 650 ## - SUBJECT ADDED ENTRY--TOPICAL TERM | |
| Topical term or geographic name as entry element | Southeast Asia |
| General subdivision | Relations |
| Form subdivision | Japan. |
| 651 #0 - SUBJECT ADDED ENTRY--GEOGRAPHIC NAME | |
| Geographic name | War memorials |
| Geographic subdivision | Southeast Asia. |
| 942 ## - ADDED ENTRY ELEMENTS (KOHA) | |
| Source of classification or shelving scheme | Dewey Decimal Classification |
| Koha item type | Circulation Books |
| Withdrawn status | Lost status | Source of classification or shelving scheme | Damaged status | Not for loan | Home library | Current library | Shelving location | Date acquired | Source of acquisition | Total Checkouts | Total Renewals | Full call number | Barcode | Date last seen | Date last checked out | Price effective from | Koha item type |
|---|---|---|---|---|---|---|---|---|---|---|---|---|---|---|---|---|---|
| Dewey Decimal Classification | PBTS Library | PBTS Library | Filipiniana Section | 08/24/2015 | Gift | 2 | 1 | Fil D 680 .A785 H321 2007 | 44813 | 02/04/2026 | 11/16/2016 | 08/24/2015 | Circulation Books |